00468nam a2200169 a 4500008004100000020001500041050001500056100002000071245008500091260003600176300001300212350000900225650001700234650001100251650001700262700001900279100128s1987 ||||||||||||||||| || u a0313247889 aJC 571 Int aHoward, Rhoda E10aInternational handbook on human rightscedited by Jack Donnelly; Rhoda E. Howard aNew YorkbGreenwood Pressc1987 ax, 495p. a0.00 0aHUMAN RIGHTS aRIGHTS aCIVIL RIGHTS aDonnelly, Jack